000 00607nam a2200205Ia 4500
005 20250508164047.0
008 008 250505s9999 xx 000 0 eng d
020 _a0-8058-2416-2
037 _aReference
040 _aFEDL
_beng
_cFEDL
041 _aeng
_2eng
084 _a428.4072, HAN/RR
_qFEDL
100 _aBarr Rebecca et.al Ed.
_9777208
245 0 _aHandbook of reading research. Vol 2
260 _aMahwah, USA
_bLawrence Erlbaum Associates, Publishers
_c1996
300 _axviii,1086
365 _aUSD
_b75
942 _cREF
_h428.4072, HAN/RR
999 _c1386858
_d1386858